000 00313nam a2200133Ia 4500
008 190216s9999||||xx |||||||||||||| ||und||
100 _aRobley D. Evans
245 4 _aThe Atomic Molecules
250 _a5th Ed.
260 _bTata Mcgrawhill Publishers
_c1982
300 _a972
650 _aPhysics
942 _cBK
999 _c32951
_d32951